The adventures of a hackney-coach. Vol. II.

Bibliographic Details
Other Authors: Kilner, Dorothy, 1755-1836
Format: eBook
Language:English
Series:Eighteenth century collections online.
Online Access:Full text online

MARC

Tag First Indicator Second Indicator Subfields
LEADER 00000cam a2200000 4500
001 in00001922413
006 m | d |
007 cr |n||||||||n
008 960401s1781 enk|||| s 00||||eng d
005 20260403182107.4
035 |a (CStRLIN)ESTCT227285 
040 |a Uk-ES  |c Uk-ES  |d Thomson Gale  |d UtOrBLW 
245 0 4 |a The adventures of a hackney-coach. Vol. II. 
264 3 |a London :  |b printed for G. Kearsly,  |c 1781. 
300 |a 167, 1 unnumbered page ;  |c 8⁰. 
336 |a text  |b txt  |2 rdacontent 
337 |a computer  |b c  |2 rdamedia 
338 |a online resource  |b cr  |2 rdacarrier 
500 |a Sometimes attributed to Dorothy Kilner. 
500 |a An opportunistic follow-up to 'The adventures of a hackney coach'. 
500 |a Reproduction of original from the British Library. 
510 4 |a English Short Title Catalog,  |c ESTCT227285. 
533 |a Electronic reproduction.  |b Farmington Hills, Mich. :  |c Thomson Gale,  |d 2003.  |n Available via the World Wide Web.  |n Access limited by licensing agreements  |7 s2003 miunns 
500 |a Electronic resource. 
700 1 |a Kilner, Dorothy,  |d 1755-1836. 
830 0 |a Eighteenth century collections online. 
856 4 0 |u http://proxy.library.tamu.edu/login?url=https://galenet.galegroup.com/servlet/ECCO?c=1&stp=Author&ste=11&af=BN&ae=T227285&tiPG=1&dd=0&dc=flc&docNum=CW117048721&vrsn=1.0&srchtp=a&d4=0.33&n=10&SU=0LRK&locID=txshracd2898  |z Full text online  |t 0 
999 |a MARS 
999 f f |s e855fa55-c24a-317f-9e4f-7236ce5443dc  |i dbbb805e-3f29-3eac-9b02-50a8cd7c5d09  |t 0 
952 f f |a Texas A&M University  |b College Station  |c Electronic Resources  |s www_evans  |d Available Online  |t 0  |h No information provided 
998 f f |t 0  |l Available Online